Veľký Slavkov v obrazoch, pohľadniciach a fotografiách z dejín Veľkého Slavkova

Bibliographic Details
Main Author: Langa, Vladimír, 1953- (Author)
Format: Book
Language:Slovak
PhysicalDescription:1 zväzok (nestránkované) faksimile, fotografie 30 cm
Published: [Telgárt] Richard Lunter - Kicom 2021
ISBN:9788089780358
Edition:Vydanie prvé
Subjects:

MARC

LEADER 00000cam a2200000 4500
001 vtls012084847
003 SK-MaSNL
005 20260301094428.0
008 220126s2021 xo o gr 000 0 slo
015 |a SNBA2022/03 
020 |a 9788089780358  |q (viazané) 
040 |a SNK  |b slo  |c SNK  |e rda 
041 0 |a slo 
043 |a e-xo--- 
044 |a xo  |c SK 
072 7 |a 93/94  |x Dejiny (všeobecne)  |2 konspekt 
080 |a 655.3.066.32  |2 2011 
080 |a 93/94-027.541  |2 2011 
080 |a (437.6)  |2 2011 
080 |a (084.11)  |2 2011 
100 1 |a Langa, Vladimír,  |d 1953-  |4 aut  |9 304698 
245 1 0 |a Veľký Slavkov v obrazoch, pohľadniciach a fotografiách  |b z dejín Veľkého Slavkova  |c Vladimír Langa 
250 |a Vydanie prvé 
264 1 |a [Telgárt]  |b Richard Lunter - Kicom  |c 2021 
300 |a 1 zväzok (nestránkované)  |b faksimile, fotografie  |c 30 cm 
336 |a text  |b txt  |2 rdacontent 
336 |a statický obraz  |b sti  |2 rdacontent 
337 |a bez média  |b n  |2 rdamedia 
338 |a zväzok  |b nc  |2 rdacarrier 
500 |a V tiráži je chybne uvedené miesto vydania Veľký Slavkov ; podľa údajov NA ISBN je miesto vydania Telgárt 
500 |a Obsahuje biografické údaje o autorovi na zadnej strane obálky 
650 0 7 |a pohľadnice  |2 SNKPH  |9 30449 
650 0 7 |a regionálne dejiny  |2 SNKPH  |9 63645 
650 0 7 |a Postcards  |2 SNKPHeng  |9 332653 
650 0 7 |a Regional history  |2 SNKPHeng  |9 266493 
651 7 |a Veľký Slavkov (Slovensko)  |2 SNKPHgeo  |9 52043 
651 7 |a Veľký Slavkov (Slovakia)  |2 SNKPHeng  |9 304699 
655 7 |a obrazové publikácie  |2 SNKPH  |9 70343 
655 7 |a Pictorial works  |2 SNKPHeng  |9 284468 
919 |a 978-80-89780-35-8 
999 |c 680243  |d 682173 
952 |a SNK  |b SNK  |y PREZ  |7 0  |p 17A1478531  |o snkSB 97666  |i snk2022/1389  |8 0  |0 0  |1 0  |4 0  |d 2022-01-26  |f 1  |l 0  |r 2025-05-16 00:00:00  |w 2026-02-23 
952 |a SNK  |b SNK  |y VYP  |7 0  |p 17A1478532  |o snkSB 97666 D1  |i snk2022/1391  |8 0  |0 0  |1 0  |4 0  |d 2022-01-26  |l 0  |r 2026-02-23 19:54:43  |w 2026-02-23